La excepción de inexistencia de deuda en el proceso de ejecución fiscal (Registro nro. 24022)
[ vista simple ]
| 000 -LEADER | |
|---|---|
| fixed length control field | 00342 a2200109 4500 |
| 001 - CONTROL NUMBER | |
| control field | ART_31285 |
| 005 - DATE AND TIME OF LATEST TRANSACTION | |
| control field | 20260410161840.0 |
| 008 - FIXED-LENGTH DATA ELEMENTS--GENERAL INFORMATION | |
| fixed length control field | 260409a |
| 100 1# - MAIN ENTRY--PERSONAL NAME | |
| Personal name | Tulia, Mauro A. |
| 245 10 - TITLE STATEMENT | |
| Title | La excepción de inexistencia de deuda en el proceso de ejecución fiscal |
| 773 0# - HOST ITEM ENTRY | |
| Title | RAP |
| Related parts | - Año 36, Nº 423 (dic. 2013) |
| Record control number | REV5941 |
No hay ítems disponibles.